Canciones de Olivia Rodrigo - ¡Muerte súbita! - Estadísticas

Estadísticas generales
  • Esta prueba ha sido intentada 164 veces
  • La puntuación promedio es 6 de 15
Answers on the Grid
Answers color-coded by a green-red scale on the quiz's grid according to % correct below.
brutal
traitor
hope ur ok
drivers license
good for you
enough 4 u
All I Want
favorite crime
all-american bitch
lacy
so american
girl i've always been
scared of my guitar
teenage dream
the grudge
cruel summer
nothing matters
blame brett
torn
don't speak
good luck babe!
hot to go!
pink pony club
welcome to my island
please, please, please
i hate myself for loving you
greedy
deja vu
i love you, i'm sorry
stranger
 
Estadísticas de respuestas
Respuesta % Correcto
so american
55%
deja vu
50%
traitor
50%
All I Want
49%
all-american bitch
46%
hope ur ok
46%
drivers license
45%
favorite crime
45%
brutal
39%
lacy
39%
the grudge
36%
scared of my guitar
30%
teenage dream
30%
stranger
25%
girl i've always been
22%
No se encontraron pruebas coincidentes
Distribución de puntuación
Porcentaje de gente con cada puntuación
Porcentaje por número respondido
Historial de tus puntuaciones
No has intentado esta prueba.